| 000 | 005330000a22001570004500 | ||
|---|---|---|---|
| 090 |
_aAR _b02388 |
||
| 245 | 1 | 0 | _aClimate change biological diversity: information paper of the German federal environmental agency about ongoing activities |
| 650 | 1 | 4 |
_aUnidades biológicas _995939 |
| 650 | 1 | 4 |
_aCambio Climatico _993250 |
| 650 | 1 | 4 |
_aBiodiversidad _992204 |
| 650 | 1 | 4 |
_aPolíticas ambientales _95366 |
| 041 | 0 | _aInglés | |
| 110 | 1 |
_aGerman Federal Environmental Agency _995940 |
|
| 942 | _cARTICULO | ||
| 773 | 1 |
_tPreprint _33 _q1-8 _d2001 |
|
| 999 |
_c11459 _d11459 |
||